000 01267nam a22002537a 4500
005 20170124103211.0
010 _aA-665560
020 _c00.00
035 _aA-665560
037 _bCen Lib/Ret
040 _aDPL
_bHN
082 _a821.08
_bगौड़रा
100 _aगौड़, राजेंद्रसिंह
_942506
245 _aहमारे कवि :
_c राजेंद्रसिंह गौड़
_bहिंदी के प्रसिद्ध ४६ कवियों का जीवन परिचय और काव्य की आलोचना /
246 _aHamare kavi : hindi ke 46 prasiddh kaviyon ka jeevan parichay aur kavya ki alochana ,
_bby Rajendrasingh Gaud
260 _aइलाहाबाद
_bसाहित्य भवन
_c1993
270 _bइलाहाबाद
_aजीरोरोड
_e299003
300 _a348पृ.
_c18सेमी(सजिल्द )
650 _aसाहित्य-- जीवन परिचय
_x
_z
_996582
650 _aहिंदी -- काव्य आलोचना
_996583
650 _aLitarature-- biography
_996584
650 _aHindi - Poetry Criticism
_984678
942 _2ddc
_cHN
_h821.08
_mगौड़रा
999 _c121334
_d121334